| 000 | 00499ntaaa2200193 4500 | ||
|---|---|---|---|
| 003 | 01 | ||
| 005 | 20251027202259.0 | ||
| 008 | 0714s1973 ag 01 | ||
| 040 |
_aAR-BaBN _bspa _cAR-BaBN _eaacr _dRIC |
||
| 082 | _a270.6200 K46 | ||
| 245 | _aBy John Calvin | ||
| 250 | _a1 ed. | ||
| 260 |
_aNew York : _bAssociation Press, _cc1960 |
||
| 300 | _a124 p | ||
| 500 | _aEscritos de Juan Calvino (1509-1564) | ||
| 650 |
_aCavlino, Juan (1509-1564) _921226 |
||
| 700 |
_aKerr, Hugh T _921227 |
||
| 942 | _cBK | ||
| 999 |
_c17580 _d17580 |
||